000 00375nam a2200157Ia 4500
008 230718s9999 xx 000 0 und d
041 _aeng
082 _a658
_bLEO
100 _aLeon A.
_9109337
245 _aBusiness Computing I
260 _bTata Mc-graw Hill Pub.
365 _cRs.
500 _aDONATED
700 _aLeon A.
_9109337
906 _dB:-03-Apr-2007
_cOTH
999 _c316186
_d316186